书目信息 |
| 题名: |
白色生物技术
|
|
| 作者: | 伦内贝格 原著 ;杨毅 , 张建军 , 王健美 翻译 | |
| 分册: | ||
| 出版信息: | 北京 科学出版社 2009.03 |
|
| 页数: | 131页 | |
| 开本: | 21cm | |
| 丛书名: | 生物技术入门系列 | |
| 单 册: | ||
| 中图分类: | Q819 | |
| 科图分类: | ||
| 主题词: | 生物技术--sheng wu ji shu--应用 | |
| 电子资源: | ||
| ISBN: | 978-7-03-024207-5 | |
| 000 | 01269nam 2200313 450 | |
| 001 | 012009582663 | |
| 005 | 20091128152730.12 | |
| 010 | @a978-7-03-024207-5@dCNY38.00 | |
| 100 | @a20091128d2009 em y0chiy0120 ea | |
| 101 | 1 | @achi@cger |
| 102 | @aCN@b110000 | |
| 105 | @aa a 000yy | |
| 106 | @ar | |
| 200 | 1 | @a白色生物技术@Abai se sheng wu ji shu@e作为合成工厂的细胞@f(德) 莱因哈德·伦内贝格原著@F(de)lai yin ha de·lun nei bei ge yuan zhu@g杨毅, 张建军, 王健美翻译@Gyang yi,zhang jian jun,wang jian mei fan yi |
| 210 | @a北京@c科学出版社@d2009.03 | |
| 215 | @a131页@c图@d21cm | |
| 225 | 2 | @a生物技术入门系列@Asheng wu ji shu ru men xi lie@v4 |
| 320 | @a有书目 (第129-130页) | |
| 330 | @a本书内容包括战术性适应、一种具有变构效应的分子:谷氨酰胺合成酶、用霉菌代替柠檬、化学合成与微生物生产、下游生物工厂等章节。 | |
| 410 | 0 | @12001 @a生物技术入门系列 |
| 517 | 1 | @a作为合成工厂的细胞@Azuo wei he cheng gong chang de xi bao |
| 606 | 0 | @a生物技术@Asheng wu ji shu@x应用 |
| 690 | @aQ819@v4 | |
| 701 | 1 | @a伦内贝格@Alun nei bei ge@g(Renneberg, Reinhard)@4原著 |
| 702 | 0 | @a杨毅@Ayang yi@4翻译 |
| 702 | 0 | @a张建军@Azhang jian jun@4翻译 |
| 702 | 0 | @a王健美@Awang jian mei@4翻译 |
| 801 | 0 | @aCN@bQSSK@c20091128 |
| 905 | @b766707-09@dQ819@eL926@f3 | |
| 白色生物技术:作为合成工厂的细胞/(德) 莱因哈德·伦内贝格原著/杨毅, 张建军, 王健美翻译.-北京:科学出版社,2009.03 |
| 131页:图;21cm.-(生物技术入门系列;4) |
| ISBN 978-7-03-024207-5:CNY38.00 |
| 本书内容包括战术性适应、一种具有变构效应的分子:谷氨酰胺合成酶、用霉菌代替柠檬、化学合成与微生物生产、下游生物工厂等章节。 |
| ● |
| 相关链接 |
|
|
|
正题名:白色生物技术
索取号:Q819/L926
 
预约/预借
| 序号 | 登录号 | 条形码 | 馆藏地/架位号 | 状态 | 备注 |
| 1 | 766707 | 207667078 | 自科库401/401自科库 32排4列4层/ [索取号:Q819/L926] | 在馆 | |
| 2 | 766708 | 207667087 | 自科库401/401自科库 32排4列4层/ [索取号:Q819/L926] | 在馆 | |
| 3 | 766709 | 207667096 | 自科库401/401自科库 32排4列4层/ [索取号:Q819/L926] | 在馆 |